000 00790nam a22001817a 4500
005 20251108165027.0
008 250721s1997 xx 000 0 ara d
082 1 4 _a956.09/حلق
111 2 _aحلقة نقاش حول مؤتمر القمة العربية و التحديات الراهنة (1997 : عمان)
245 1 0 _aمؤتمر القمة العربية و التحديات الراهنة :
_bبحوث و مناقشات حلقة نقاش حول المؤتمة /
264 1 _aعمان :
_bمركز الريادة للمعلومات و الدرؤاسات،
_c1997.
300 _a57ص
490 0 _aسلسلة تنمية المجتمع المدني ؛4
650 1 7 _aتاريخ العرب
650 1 7 _aمؤتمر القمة العربية
942 _2ddc
_cBK
999 _c20295
_d20295